Normal view
MARC view
- Wiese, Kurt,
Entry Personal Name
001 - CONTROL NUMBER
- control field: 85823
003 - CONTROL NUMBER IDENTIFIER
- control field: OSt
005 - DATE AND TIME OF LATEST TRANSACTION
- control field: 20241203105225.0
008 - FIXED-LENGTH DATA ELEMENTS
- fixed length control field: 241203|| aca||aabn | a|a d
040 ## - CATALOGING SOURCE
- Original cataloging agency: OSt
- Transcribing agency: OSt
100 ## - HEADING--PERSONAL NAME
- Personal name: Wiese, Kurt,
- Dates associated with a name: 1887-1974
670 ## - SOURCE DATA FOUND
- Source citation: Work cat.: (OSt)48026: Treffinger, Carolyn. 85822, Li Lun, lad of courage /, 1995.